| 000 | 00835 a2200217 4500 | ||
|---|---|---|---|
| 003 | Nust | ||
| 005 | 20230516100450.0 | ||
| 010 | _a 81002989 | ||
| 020 | _a0876633610 : | ||
| 020 | _a0876635605 (pbk.) : | ||
| 040 | _cNust | ||
| 082 | 0 | 0 | _a001.6404,LAU |
| 100 | 1 |
_aLaurie, Peter, _9112350 |
|
| 245 | 1 | 4 |
_aThe micro revolution : _bliving with computers / _cPeter Laurie. |
| 260 |
_aNew York : _bUniverse Books, _c1981. |
||
| 300 |
_a225 p. : _bill. ; _c22 cm. |
||
| 505 | _aIntroduction (Page-7), Data (Page-27), Internals (Page-45), Chips (Page-64), Memory Devices (Page-74), Inputs and Outputs (Page-82), Software (Page-95), Systems (Page-140), Data highways (Page-167), Though on Chips (Page-179). | ||
| 650 | 0 |
_aComputers and civilization. _914116 |
|
| 650 | 0 |
_aMicrocomputers. _98096 |
|
| 942 |
_2ddc _cBKB _k001.6404,LAU |
||
| 999 |
_c176139 _d176139 |
||